Szczegóły MARC21

Zapobieganie uzależnieniom uczniów : publikacja dla pracowników oświaty /

003 -Nazwa inst., której nr kontr. jest w polu 001 [,]
    • @
    • Nazwa instytucji, której n kontrolny jest w polu 001
    • NUKAT
005 -DATA I CZAS OSTATNIEJ MODYFIKACJI [,]
    • @
    • pole kontrolne
    • 20241231100835.0
020 -Międzynarod. znormalizowany nr książki - ISBN [ , ]
    • a
    • Numer ISBN
    • 8386954248 Find
040 -Instytucja sporządzająca opis [ , ]
    • a
    • Instytucja, która sporządziła opis (NP)
    • OLSZT 003/BK
    • c
    • Instytucja, która sporządziła rekord (NP)
    • OLSZT 003/BK
    • d
    • Instytucja, która zmodyfikowała rekord (P)
    • OLSZT 003/baks
942 -Rodzaj dokumentu [ , ]
    • c
    • Rodzaj dokumentu
    • Książka
245 -Strefa tytułu i oznaczenia odpowiedzialności [0,0]
    • a
    • Tytuł
    • Zapobieganie uzależnieniom uczniów : Find
    • b
    • Ciąg dalszy tytułu (NP)
    • publikacja dla pracowników oświaty / Find
    • c
    • Pozostałe elementy strefy tytułu i oznaczenia odpowiedzialności (NP)
    • pod red. Bożenny Kamińskiej-Buśko.
260 -Strefa adresu wydawniczego [ , ]
    • a
    • Miejsce wydania (P)
    • Warszawa :
    • b
    • Nazwa wydawcy (P)
    • Centrum Metodyczne Pomocy Psychologiczno-Pedagogicznej Ministerstwa Edukacji Narodowej,
    • c
    • Data wydania (P)
    • 1997.
300 -Strefa opisu fizycznego [ , ]
    • a
    • Określenie formy książki i/lub objętość (NP)
    • 167, [1] s. ;
    • c
    • Format (NP)
    • 24 cm.
336 -Typ zawartości [ , ]
    • a
    • Termin opisujący typ zawartości
    • Tekst
    • b
    • Kod określający zawartość
    • txt
    • 2
    • Źródło (terminu i kodu)
    • rdacontent
337 -Typ mediów [ , ]
    • a
    • Tryb odtwarzania
    • Bez urządzenia pośredniczącego
    • b
    • Kod typu mediów
    • n
    • 2
    • Źródło (terminu i kodu)
    • rdamedia
338 -Typ/rodzaj nośnika [ , ]
    • a
    • Hasło opisujące typ nośnika
    • Wolumin
    • b
    • Kod typu nośnika
    • nc
    • 2
    • Źródło (terminu i kodu)
    • rdacarrier
504 -Uwaga dot. bibliogr. załącznikowej [ , ]
    • a
    • Uwaga dot. bibliografii załącznikowej
    • Bibliogr. przy rozdz.
080 -Uniwersalna Klasyfikacja Dziesiętna [ , ]
    • a
    • Symbol klasyfikacji
    • 613.81
    • 9
    • UKD
    • 4589
    • 2
    • Identyfikator wydania tablic
    • UDC-P058
    • b
    • Dopowiedzenie
    • Napoje alkoholowe. Abstynencja. Zwalczanie alkoholizmu.
080 -Uniwersalna Klasyfikacja Dziesiętna [ , ]
    • a
    • Symbol klasyfikacji
    • +613.83-053.6
080 -Uniwersalna Klasyfikacja Dziesiętna [ , ]
    • a
    • Symbol klasyfikacji
    • :376.5(083.1)
650 -Hasło przedmiotowe [ ,7]
    • a
    • Hasło przedmiotowe
    • Alkoholizm
    • x
    • Określnik rzeczowy
    • zapobieganie
    • z
    • Określnik geograficzny
    • Polska
    • v
    • Określnik formalny
    • poradniki.
    • 2
    • Źródło terminu
    • kaba
    • 9
    • KHW
    • 353352
650 -Hasło przedmiotowe [ ,7]
    • a
    • Hasło przedmiotowe
    • Młodzież w trudnej sytuacji
    • x
    • Określnik rzeczowy
    • psychologia
    • v
    • Określnik formalny
    • poradniki.
    • 2
    • Źródło terminu
    • kaba
    • 9
    • KHW
    • 651893
650 -Hasło przedmiotowe [ ,7]
    • a
    • Hasło przedmiotowe
    • Narkomania
    • x
    • Określnik rzeczowy
    • zapobieganie
    • z
    • Określnik geograficzny
    • Polska
    • x
    • Określnik rzeczowy
    • poradniki.
    • 2
    • Źródło terminu
    • kaba
    • 9
    • KHW
    • 651894
980 -Symbol UKD [ , ]
    • a
    • UKD
    • 613.81+613.83]-053.6:376.5](083.1)
700 -Hasło dodatkowe - nazwa osobowa [1, ]
    • a
    • Nazwa osobowa (NP)
    • Kamińska-Buśko, Bożenna. Find
    • e
    • Określenie rodzaju współpracy
    • Red.
    • 9
    • KHW
    • 651622
920 -ISBN [ , ]
    • a
    • ISBN
    • 83-86954-24-8 Find
Numer inwentarzowy Sygnatura Status udost. Lokalizacja Data inwentaryzacji
W.199653W.199653-3BG1999-07-19
W.199654W.199653-3BG1999-07-19
W.199655W.199653-3BG1999-07-19
W.199656W.199653-3BG1999-07-19
W.199657W.199653-3BG1999-07-19
Z.94397Z.943971BG1999-07-19
Pd.12606 -3BG1999-04-19
WF.6360Uzależnienia, patologie 021BM1999-04-19